| 000 | 00000nam##2200000za#4500 |
| 001 | 9.633756 |
| 003 | CaOODSP |
| 005 | 20250403105320 |
| 007 | cr ||||||||||| |
| 008 | 150407|2007||||xxc|||||o f|0| 0 fre|d |
| 020 | |a978-0-662-73549-6 |
| 040 | |aCaOODSP|bfre |
| 043 | |an-cn--- |
| 086 | 1 |aCS95-630/2006F-PDF |
| 245 | 00|aRégions agricoles de recensement et divisions de recensement, 2006 |h[ressource électronique] |
| 260 | |aOttawa - Ontario : |bStatistique Canada |c[200-?]. |
| 300 | |a119p.|bcartes, tableaux |
| 590 | |a10-11-Supp|b2010-11-10 |
| 710 | 2 |aStatistique Canada. |
| 775 | 08|t2006 Census Agricultural Regions and Census Divisions |w(CaOODSP)9.689343 |
| 856 | 40|ahttp://publications.gc.ca|qPDF|s5984 Ko|uhttps://publications.gc.ca/collections/collection_2010/statcan/CS95-630-2006-fra.pdf |